Las industrias de la alimentación

Gespeichert in:
Bibliographische Detailangaben
1. Verfasser: Cabrera, A. Autor
Format: keine Angabe
Sprache:Spanisch
Erschienen: Madrid Calpe 1923
Katalog:MANES:  Suchergebnis im Bibliothekskatalog
Schulbuchspezifische Eigenschaften:
Tags: Tag hinzufügen
Keine Tags, Fügen Sie den ersten Tag hinzu!
Hinzugefügt zu:26.04.2016

MARC

LEADER 000000000a22000000004500
001 18871
003 OSt
008 160427s sp ||||| |||| 00| 0 spa d
041 1 |a spa 
040 |c centro_manes 
691 7 |a FP 
100 1 |a Cabrera, A.  |b Autor  |9 11913 
245 0 0 |a Las industrias de la alimentación 
260 3 |a Madrid  |b Calpe  |c 1923 
300 |a 93p.  |c 19 * 15 cm 
500 |a ILUSTRACIONES: Contiene bastantes en blanco y negro. ENCUADERNACIÓN: Rústica. DESCRIPCIÓN CONTENIDO: Texto. PALABRAS CLAVE: Lecciones sobre alimentos. NéMERO EJEMPLARES: 1. Nº TOPOGRÁFICO: 3376. CONSERVACIÓN: Regular. 
942 |2 ddc  |c BK 
546 |a España 
999 |c 24839  |d 24839 
999 |c manes:24839  |d 24839